000 00652nam a2200241Ia 4500
003 OSt
005 20221005050139.0
006 a|||||r|||| 00| 0
007 ta
008 221004b |||||||| |||| 00| 0 eng d
024 _a19980
037 _bGift, 29/06/2015,
_cTextual
040 _aCRL
_cCRL
_beng
041 _2eng
_aeng
082 _aRv, J2;K9
100 _aFuller B A G
245 0 _aHistory of philosophy
260 _aKolkatta
_bOxford and Ibh Publishing Co. India
_c1969
300 _a618p.
_ccm.
650 _aPHILOSOPHY
942 _hRv, J2;K9
_cTEXL
_2cc
999 _c956431
_d956431